000 00657nam a2200217 i 4500
001 C2-0265087
003 PPAK
005 20180727233146.0
008 050606s2004 th a|||| ||||| | eng d
040 _aPPAK
_beng
_cPPAK
_erda
082 0 4 _a338.9
_223
090 0 0 _a338.9
_bTRA
_dR
245 0 0 _aTrading for gold :
_bindigenous peoples and the market economy
264 1 _aChiang Mai, Thailand :
_bAsia Indigenous Peoples Pact Foundation ,
_c2004
300 _aix, 161 pages :
_billustrations ;
_c25 cm
336 _2rdacontent
_atext
337 _2rdamedia
_aunmediated
338 _2rdacarrier
_avolume
650 1 0 _aUrban economics.
942 _ddc
_cB
999 _c74711
_d74711